Διεθνείς Επιχειρήσεις και Επιχειρηματικότητα (Record no. 8255)
[ view plain ]
| 000 -LEADER | |
|---|---|
| fixed length control field | 02930cam a22002174a 4500 |
| 005 - ΗΜΕΡΟΜΗΝΙΑ ΚΑΙ ΩΡΑ ΤΕΛΕΥΤΑΙΑΣ ΕΝΗΜΕΡΩΣΗΣ | |
| Πεδίο ελέγχου | 20250605164331.0 |
| 008 - FIXED-LENGTH DATA ELEMENTS--GENERAL INFORMATION | |
| Πεδίο ελέγχου σταθερού μήκους | 250528s ||||||||||||||||||||||||d |
| 035 ## - SYSTEM CONTROL NUMBER | |
| System control number | 23226 |
| 020 ## - ISBN | |
| ISBN | 9789604187706 |
| 040 ## - ΠΗΓΗ ΚΑΤΑΛΟΓΟΓΡΑΦΗΣΗΣ | |
| Φορέας πρωτότυπης καταλογογράφησης | MC Athens Campus Library |
| Γλώσσα καταλογογράφησης | Ελληνικά, Μοντέρνα (1453-) |
| Modifying agency | MC Athens Campus Library |
| Κανόνες περιγραφικής καταλογογράφησης | AACR2 |
| 245 1# - ΤΙΤΛΟΣ ΚΑΙ ΔΗΛΩΣΗ ΥΠΕΥΘΥΝΟΤΗΤΑΣ | |
| Τίτλος | Διεθνείς Επιχειρήσεις και Επιχειρηματικότητα |
| 250 ## - EDITION STATEMENT | |
| Edition statement | 8η |
| 260 ## - PUBLICATION, DISTRIBUTION, ETC. | |
| Name of publisher, distributor, etc. | Τζιόλα, |
| Date of publication, distribution, etc. | 2020 |
| 300 ## - PHYSICAL DESCRIPTION | |
| Extent | 704 |
| 520 ## - SUMMARY, ETC. | |
| Summary, etc. | Το παρόν βιβλίο περιγράφει με τρόπο απλό, αναλυτικό και συνεκτικό το περιβάλλον στο οποίο η σύγχρονης διεθνής επιχείρηση δραστηριοποιείται, τις προκλήσεις που αντιμετωπίζει και τις επιχειρηματικές δραστηριότητες που αναλαμβάνει. Πρόλογος, Οι Αγορές του Κόσμου, Μια Επισκόπηση των Διεθνών Επιχειρήσεων, Παγκόσμιες Αγορές και Επιχειρηματικά Κέντρα, Νομικό και Τεχνολογικό και Λογιστικό και Πολιτικό Περιβάλλον, Ο Ρόλος του Πολιτισμού, Ηθική και Κοινωνική Ευθύνη στις Διεθνείς Επιχειρηματικές Δραστηριότητες, Το Διεθνές Περιβάλλον, Διεθνές Εμπόριο και Ξένες Επενδύσεις, Το Διεθνές Νομισματικό Σύστημα και το Ισδοζύγιο Πληρωμών, Αγορές Συναλλάγματος και Διεθνείς Χρηματοπιστωτικές Αγορές, Διαμόρφωση Εθνικών Εμπορικών Πολιτικών, Διακρατικές Συνεργασίες, Διοίκηση Διεθνών Επιχειρήσεων, Διεθνής Στρατηγική Διοίκηση, Αξιολόγηση και Ανάλυση Ξένων Αγορών και Τρόποι Εισόδου, Διεθνείς Στρατηγικές Συμμαχίες, Οργανωσιακός Σχεδιασμός και Έλεγχος στις Διεθνείς Επιχειρήσεις, Ηγεσία και Συμπεριφορά Εργαζομένων στις Διεθνείς Επιχειρήσεις, Διοίκηση Διεθνών Επικχειρησιακών Λειτουργιών, Διεθνές Μάρκετινγκ, Διοίκηση Διεθνών Επιχειρησιακών Λειτουργιών, Διεθνής Χρηματοοικονομική Διοίκηση, Διεθνής Διοίκηση Ανθρώπινων Πόρων και Εργασιακών Σχέσεων. |
| 700 1# - ΠΡΟΣΘΕΤΗ ΑΝΑΓΡΑΦΗ--ΦΥΣΙΚΟ ΠΡΟΣΩΠΟ | |
| Personal name | Μανωλόπουλος Δημήτριος |
| 9 (RLIN) | 8806 |
| 700 1# - ΠΡΟΣΘΕΤΗ ΑΝΑΓΡΑΦΗ--ΦΥΣΙΚΟ ΠΡΟΣΩΠΟ | |
| Personal name | Σαπουνά Παναγιώτα-Αθανασία |
| 9 (RLIN) | 8807 |
| 942 ## - ADDED ENTRY ELEMENTS (KOHA) | |
| Koha item type | Books |
| Τύπος τεκμηρίου | Βιβλιοθήκη | Τρέχουσα τοποθεσία | Barcode | Αριθμός εισαγωγής | Ημερομηνία απόκτησης | Ταξιθετικό σύμβολο | Αριθμός αντιτύπου | Κατάσταση απόσυρσης | Κατάσταση χαμένου | Κατάσταση κατεστραμμένου | Μη δανεισμός | Σύνολο δανεισμών | Ημερομηνία τελευταίας εμφάνισης | Η τιμή ισχύει από |
|---|---|---|---|---|---|---|---|---|---|---|---|---|---|---|
| Books | MC Athens Campus Library | MC Athens Campus Library | 9780000082541 | 7606 | 05/06/2025 | REF 658/.049 GRI | 1 | 05/06/2025 | 05/06/2025 |